01290nam a2200313 i 4500001001000000003000900010005001700019007000300036008004100039020001800080040003000098082002400128100005400152245006100206264003900267300002800306336002700334337003400361338002900395590002800424650002400452650002600476910003700502942001400539952012500553952013800678952014300816999001700959000048368DO-SdBNP20250310151505.0ta190213s2016 dr r 000 0 spa d a9789945500004 aDO-SdBNPbspacBNPHUerda 4aRD863.44bM917d2221 aMota Álvarez, Denis,d1952-eautor4aut.91100710aDel lado de la vida :bpoesía /cDenis Mota Álvarez. 1aSanto Domingo :bFerilibro,c2016. a132 páginas ;c21 cm. atexto2rdacontentbtxt asin mediación bn2rdamedia avolumen bnc2rdacarrier aInventariado, 2019 / DG 4aPoesía dominicana 4aLiteratura dominicana aValidado. Control de calidad MFF 2ddccLBS1 00102ddc56708DSaBNPHUbBNPHUcMId2019-02-13oBNPHU DS RD863.44 M917dp48368-30r2020-06-25te. 3w2020-06-25yLBS1 00102ddc51708PDaBNPHUbBNPHUcHDd2019-02-13eDepósito LegaloBNPHU PD RD863.44 M917dp48368-10r2020-06-25w2020-06-25yLBS1 00102ddc51708PDaBNPHUbBNPHUcHDd2019-02-13eDepósito LegaloBNPHU PD RD863.44 M917dp48368-20r2020-06-25te. 2w2020-06-25yLBS1 c47856d47856